<?xml version="1.0" encoding="UTF-8"?>
<marc:record xmlns:marc="http://www.loc.gov/MARC21/slim">
   <marc:leader>00000nam a2200000 a 4500</marc:leader>
   <marc:datafield ind1="1" ind2=" " tag="100">
      <marc:subfield code="a">Baron, Karin</marc:subfield>
      <marc:subfield code="4">aut</marc:subfield>
      <marc:subfield code="e">Verfasser/-in</marc:subfield>
   </marc:datafield>
   <marc:datafield ind1=" " ind2=" " tag="653">
      <marc:subfield code="a">Kriminalroman - Roman für Jugendliche</marc:subfield>
   </marc:datafield>
   <marc:datafield ind1="0" ind2="0" tag="245">
      <marc:subfield code="a">Tote essen kein Fast Food</marc:subfield>
   </marc:datafield>
   <marc:datafield ind1="0" ind2="0" tag="245">
      <marc:subfield code="c">Karin Baron</marc:subfield>
   </marc:datafield>
   <marc:datafield ind1=" " ind2="1" tag="264">
      <marc:subfield code="a">Stuttgart</marc:subfield>
      <marc:subfield code="b">Franckh-Kosmos</marc:subfield>
      <marc:subfield code="c">2013</marc:subfield>
   </marc:datafield>
   <marc:datafield ind1="1" ind2=" " tag="520">
      <marc:subfield code="a">Sylt. Ausgerechnet! Gegen eine Insel weiter südlich hätte die 16-jährige Fanny nichts einzuwenden gehabt. Aber Sylt, dieser sandige Haken in der Nordsee &#x96; garantiert ständig unter einer fetten Regenwolke und garantiert völlig öde. Doch dann werden Ferien auf der Insel alles andere als langweilig: Fanny macht unfreiwillig Bekanntschaft mit der Sylter Bunkerwelt und mit Jan, dem Jungen vom Strand. Gemeinsam machen sie sich auf die Spur nach einem verschwundenen Mädchen.</marc:subfield>
   </marc:datafield>
   <marc:datafield ind1=" " ind2=" " tag="020">
      <marc:subfield code="a">9783440130582</marc:subfield>
      <marc:subfield code="9">9783440130582</marc:subfield>
   </marc:datafield>
   <marc:datafield ind1=" " ind2=" " tag="020">
      <marc:subfield code="a">3440130584</marc:subfield>
      <marc:subfield code="9">3440130584</marc:subfield>
   </marc:datafield>
   <marc:datafield ind1="0" ind2=" " tag="490">
      <marc:subfield code="v">0</marc:subfield>
   </marc:datafield>
   <marc:datafield ind1=" " ind2=" " tag="300">
      <marc:subfield code="a">220 S.</marc:subfield>
   </marc:datafield>
</marc:record>
